Setmana cultural 1993 : 22-26 febrer / [Escola d'Arts i Oficis] 22-26 febrer / [Escola d'Arts i Oficis]
Descripción Física:
[12] p. ; 18 cm
MARC
| LEADER | 00000nam a2200000Ia 4500 | ||
|---|---|---|---|
| 001 | 14824 | ||
| 003 | BGR | ||
| 005 | 20260324175254.0 | ||
| 008 | 160829s1993 xx 000 0 cat d | ||
| 080 | |a FU-31-20 | ||
| 245 | |a Setmana cultural 1993 : |b 22-26 febrer / [Escola d'Arts i Oficis] | ||
| 260 | |a Barcelona : |b l'Escola : |b Diputació de Barcelona, |c 1993 | ||
| 300 | |a [12] p. ; |c 18 cm | ||
| 650 | |a Miró, Joan |9 27387 | ||
| 650 | |a Arts |x Ensenyament |9 24299 | ||
| 650 | 0 | |a Oficis |x Ensenyament |9 24296 | |
| 710 | 1 | |a Barcelona (Catalunya : Província). |b Diputació |9 52408 | |
| 710 | 2 | |a Escola d'Arts i Oficis (Barcelona, Catalunya) |9 55874 | |
| 901 | |a Arxiu | ||
| 942 | |n 1 |2 udc |c MON | ||
| 952 | |0 0 |1 0 |4 0 |6 FU3120 |7 1 |9 43065 |a Arxiu |b Arxiu |d 2016-12-01 |l 0 |o FU-31-20 |p 14824 |r 2016-12-01 00:00:00 |w 2016-12-01 |y ARXIU | ||
| 999 | |c 45609 |d 45609 | ||